La época de Balmaceda

Guardat en:
Dades bibliogràfiques
Autors principals: Villalobos Rivera, Sergio (Autor), Devés Valdés, Eduardo (Autor), Subercaseaux S., Bernardo (Autor), Martínez R., Gerardo (Autor), Couyoumdjiam B., Ricardo (Autor)
Altres autors: Grez Toso, Sergio Santiago (autor)
Format: Llibre
Idioma:espanyol
Publicat: Santiago, Chile Dirección de Bibliotecas Archivos y Museos 1992
Santiago, Chile Centro de Investigaciones Diego Barros Arana
Matèries:
Etiquetes: Afegir etiqueta
Sense etiquetes, Sigues el primer a etiquetar aquest registre!

MARC

LEADER 00000nam a2200000 a 4500
001 UCZ0990
003 CL-VaPUC
005 20240402114137.0
008 950810e19920000CL |||||||||||||||||spa|d
999 |c 237848  |d 237846 
040 |c Pontificia Universidad Católica de Valparaíso 
082 0 4 |a 983.062 VIL 1992  |2 21 
100 0 |a Villalobos Rivera, Sergio  |e author  |9 344328 
245 1 3 |a La época de Balmaceda 
260 |a Santiago, Chile  |b Dirección de Bibliotecas Archivos y Museos  |c 1992 
260 |a Santiago, Chile  |b Centro de Investigaciones Diego Barros Arana 
300 |a 123 páginas 
583 |a last modification  |c 20120903 11:28:09  |k Rodrigo Vera 
600 0 |a Balmaceda Fernández, José Manuel,  |d 1840-1891  |9 315369 
650 0 |a Historia  |9 255047 
650 0 |a Política  |z CHILE  |9 255312 
650 7 |a REVOLUCION DEL 91  |2 CL-VaPUC  |9 344334  |z CHILE 
700 |a Devés Valdés, Eduardo  |e author  |9 617183 
700 0 |a Subercaseaux S., Bernardo  |e author  |9 344330 
700 0 |a Martínez R., Gerardo  |e author  |9 344331 
700 |a Grez Toso, Sergio Santiago  |e autor  |9 597802 
700 0 |a Couyoumdjiam B., Ricardo  |e author  |9 344333 
852 |a BIBCUR 
942 |c BK  |2 ddc 
945 |d 19950810 00:00:00  |a rbrito 
952 |0 0  |1 0  |2 ddc  |4 0  |6 983_062000000000000_VIL_1992  |7 0  |8 A  |9 247571  |a BIBHIS  |b BIBHIS  |d 2019-11-18  |i 3119211  |o 983.062 VIL 1992  |p 3119211  |r 2025-01-20  |t 1  |w 2019-11-18  |y BK  |k HIS